<?xml version="1.0" encoding="UTF-8"?>
<record
    xmlns:xsi="http://www.w3.org/2001/XMLSchema-instance"
    xsi:schemaLocation="http://www.loc.gov/MARC21/slim http://www.loc.gov/standards/marcxml/schema/MARC21slim.xsd"
    xmlns="http://www.loc.gov/MARC21/slim">

  <leader>01110nam0a2200277   4500</leader>
  <controlfield tag="001">RU\NLR\ONL1\8218</controlfield>
  <controlfield tag="005">20250613115827.0</controlfield>
  <datafield tag="035" ind1=" " ind2=" ">
    <subfield code="a">(NLR Aleph) 009636968</subfield>
  </datafield>
  <datafield tag="090" ind1=" " ind2=" ">
    <subfield code="a">9529596</subfield>
    <subfield code="c">9529596</subfield>
  </datafield>
  <datafield tag="100" ind1=" " ind2=" ">
    <subfield code="a">20060410d1961    |||y0rusy50      ca</subfield>
  </datafield>
  <datafield tag="101" ind1="0" ind2=" ">
    <subfield code="a">udm</subfield>
  </datafield>
  <datafield tag="102" ind1=" " ind2=" ">
    <subfield code="a">RU</subfield>
  </datafield>
  <datafield tag="105" ind1=" " ind2=" ">
    <subfield code="a">y |||||||||</subfield>
  </datafield>
  <datafield tag="200" ind1="1" ind2=" ">
    <subfield code="a">&#x423;&#x434;&#x43C;&#x443;&#x440;&#x442; &#x43A;&#x430;&#x43B;&#x44B;&#x43A; &#x43F;&#x43E;&#x441;&#x43B;&#x43E;&#x432;&#x438;&#x446;&#x430;&#x43E;&#x441;, &#x43F;&#x43E;&#x433;&#x43E;&#x432;&#x43E;&#x440;&#x43A;&#x430;&#x43E;&#x441;</subfield>
    <subfield code="f">&#x418;&#x441;&#x442;&#x43E;&#x440;&#x438;&#x44F;&#x44F;, &#x44D;&#x43A;&#x43E;&#x43D;&#x43E;&#x43C;&#x438;&#x43A;&#x430;&#x44F;, &#x43B;&#x438;&#x442;&#x435;&#x440;&#x430;&#x442;&#x443;&#x440;&#x430;&#x44F; &#x43D;&#x43E; &#x43A;&#x44B;&#x43B;&#x44A;&#x44F; &#x43D;&#x430;&#x443;&#x447;.-&#x438;&#x441;&#x441;&#x43B;&#x435;&#x434;. &#x438;&#x43D;-&#x442;</subfield>
    <subfield code="g">&#x414;&#x430;&#x441;&#x44F;&#x437; &#x444;&#x438;&#x43B;&#x43E;&#x43B;&#x43E;&#x433;&#x438;&#x447;&#x435;&#x441;&#x43A;&#x43E;&#x439; &#x43D;&#x430;&#x443;&#x43A;&#x430;&#x43E;&#x441;&#x44A;&#x44F; &#x43A;&#x430;&#x43D;&#x434;. &#x41D;. &#x41F;. &#x41A;&#x440;&#x430;&#x43B;&#x438;&#x43D;&#x430;</subfield>
  </datafield>
  <datafield tag="210" ind1=" " ind2=" ">
    <subfield code="a">&#x418;&#x436;&#x435;&#x432;&#x441;&#x43A;</subfield>
    <subfield code="c">&#x423;&#x434;&#x43C;&#x443;&#x440;&#x442;. &#x43A;&#x43D;. &#x438;&#x437;&#x434;-&#x432;&#x43E;</subfield>
    <subfield code="d">1961</subfield>
  </datafield>
  <datafield tag="215" ind1=" " ind2=" ">
    <subfield code="a">188 &#x441;.</subfield>
    <subfield code="d">15</subfield>
  </datafield>
  <datafield tag="541" ind1="1" ind2=" ">
    <subfield code="a">&#x41F;&#x43E;&#x441;&#x43B;&#x43E;&#x432;&#x438;&#x446;&#x44B; &#x438; &#x43F;&#x43E;&#x433;&#x43E;&#x432;&#x43E;&#x440;&#x43A;&#x438; &#x443;&#x434;&#x43C;&#x443;&#x440;&#x442;&#x441;&#x43A;&#x43E;&#x433;&#x43E; &#x43D;&#x430;&#x440;&#x43E;&#x434;&#x430;</subfield>
    <subfield code="z">rus</subfield>
  </datafield>
  <datafield tag="606" ind1="0" ind2=" ">
    <subfield code="a">&#x423;&#x434;&#x43C;&#x443;&#x440;&#x442;&#x441;&#x43A;&#x438;&#x439; &#x444;&#x43E;&#x43B;&#x44C;&#x43A;&#x43B;&#x43E;&#x440;</subfield>
    <subfield code="9">962126</subfield>
    <subfield code="3">RU\NLR\auth\66359564</subfield>
  </datafield>
  <datafield tag="686" ind1="1" ind2=" ">
    <subfield code="a">&#x428;3(235=&#x423;)-651</subfield>
  </datafield>
  <datafield tag="702" ind1=" " ind2="1">
    <subfield code="a">&#x41A;&#x440;&#x430;&#x43B;&#x438;&#x43D;&#x430;</subfield>
    <subfield code="b">&#x41D;. &#x41F;.</subfield>
    <subfield code="4">220</subfield>
  </datafield>
  <datafield tag="801" ind1=" " ind2="0">
    <subfield code="a">RU</subfield>
    <subfield code="b">NLR</subfield>
    <subfield code="c">20060410</subfield>
    <subfield code="g">PSBO</subfield>
  </datafield>
  <datafield tag="852" ind1=" " ind2=" ">
    <subfield code="a">NLR</subfield>
    <subfield code="b">&#x41E;&#x41D;&#x41B;</subfield>
    <subfield code="j">&#x423;&#x434;&#x43C;&#x443;&#x440;./1-247</subfield>
  </datafield>
  <datafield tag="942" ind1=" " ind2=" ">
    <subfield code="c">BOOK</subfield>
  </datafield>
  <datafield tag="980" ind1=" " ind2=" ">
    <subfield code="a">NB</subfield>
  </datafield>
  <datafield tag="995" ind1=" " ind2=" ">
    <subfield code="5">2013-10-26</subfield>
    <subfield code="b">NLR01</subfield>
    <subfield code="c">NLR01</subfield>
    <subfield code="e">ONL</subfield>
    <subfield code="f">1-2427947</subfield>
    <subfield code="k">&#x423;&#x434;&#x43C;&#x443;&#x440;./1-247</subfield>
    <subfield code="o">0</subfield>
    <subfield code="r">BOOK</subfield>
    <subfield code="s">1247_</subfield>
  </datafield>
</record>
